000 00627nam a22002297a 4500
003 UA-OsUOA
001 136483
007 ta
008 20190327b un ||||| |||| 00| 0 ukr d
100 _aРахтанов И.
090 _a882
_bР27
942 _cBK
040 _aUA-OsUOA
_brus
_cUA-OsUOA
_dUA-OsUOA
245 _aРассказы по памяти
300 _a221 с.
955 _a3
041 _arus
080 _a882
260 _aМ.
_bСов.писатель
_c1969
650 7 _a8 Мовознавство. Художня література. Літературознавство
_2UDC
999 _c409401
_d409401